| 000 | 01766nam0a2200373 4500 | ||
|---|---|---|---|
| 001 | RU\NLR\BIBL_A\011457291 | ||
| 005 | 20260405103333.0 | ||
| 010 |
_a9785090368193 _96000 |
||
| 021 |
_aRU _b2017-54623 _93889 |
||
| 035 | _a(RuMoRGB)008945178 | ||
| 035 | _a(NLR Aleph) 011457291 | ||
| 090 |
_a11783928 _c11783928 |
||
| 100 | _a20170817d2017 e y0rusy50 ca | ||
| 101 | 0 | _arus | |
| 102 | _aRU | ||
| 105 | _aac j 001zy | ||
| 200 | 1 |
_aЕстествознание _e10 класс _eучебник для общеобразовательных организаций _eбазовый уровень _f[д-р пед. наук И.Ю. Алексашина, д-р биол. наук К.В. Галактионов, д-р хим. наук И.С. Дмитриев и др.] _gпод редакцией проф. И. Ю. Алексашиной |
|
| 205 | _a3-е изд., испр. | ||
| 210 |
_aМосква _cПросвещение _d2017 |
||
| 215 |
_a271 с. _cил., цв. ил., портр. _d26 |
||
| 225 | 1 | _aФГОС | |
| 225 | 1 | _aЛабиринт | |
| 300 | _aАвт. указаны на обороте тит. л. | ||
| 320 | _aПредм. указ.: с. 266-269 | ||
| 606 | 1 |
_aЕстествознание _jУчебники для средней школы _91049255 _3RU\NLR\AUTH\6687283 |
|
| 686 |
_aБ.я721-1 _2rubbk |
||
| 686 | 1 | _aБ.я721-1 | |
| 701 | 1 |
_aАлексашина _bИ. Ю. _gИрина Юрьевна |
|
| 701 | 1 |
_aГалактионов _bК. В. _gКирилл Владимирович |
|
| 701 | 1 |
_8rus _7ca _aДмитриев _bИ. С. _cд-р хим. наук, историк науки _f1948- _gИгорь Сергеевич _3RU\NLR\AUTH\7738994 _921978 |
|
| 942 | _cBOOK | ||
| 980 | _aNBR | ||